| 000 | 00986cam a2200277 a 4500 | ||
|---|---|---|---|
| 001 | 17174403 | ||
| 005 | 20170105102910.0 | ||
| 008 | 120221s2011 nyu b 001 0 eng | ||
| 010 | _a 2011534319 | ||
| 020 | _a9781608192700 | ||
| 040 |
_aDLC _cDLC |
||
| 042 | _apcc | ||
| 050 | 0 | 0 |
_aHV6432 _b.S767 2011b |
| 082 | 0 | 4 |
_a909.831 _222 |
| 100 | 1 | _aStreatfeild, Dominic. | |
| 245 | 1 | 2 |
_aA history of the world since 9/11 / _cDominic Streatfeild. |
| 260 |
_aNew York : _bBloomsbury Press, _c2011. |
||
| 300 |
_a408 p. ; _c24 cm. |
||
| 500 | _a"First published in Great Britain by Atlantic Books in 2001; first published in the United States by Bloomsbury Press in 2011"--T.p. verso. | ||
| 504 | _aIncludes bibliographical references (p. [345]-354) and index. | ||
| 650 | 0 | _aWar on Terrorism, 2001-2009. | |
| 650 | 0 |
_aHistory, Modern _y21st century. |
|
| 906 |
_a7 _bibc _corignew _d2 _encip _f20 _gy-gencatlg |
||
| 942 |
_2ddc _cBK |
||
| 999 |
_c15068 _d15068 |
||